Sports Quiz

Random Sports or NCAA Quiz

NCAA Colorful Nicknames Quiz Stats

 Plays Quiz Updated Apr 20, 2013

Also try: NCAA Helmets
Challenge
Share
Tweet
Embed
Score 0/11 Timer 02:00
13 Plays Today
Color School % Correct
CrimsonAlabama Crimson Tide, Harvard Crimson
96.7%
OrangeSyracuse Orange
94%
CardinalStanford Cardinal
85.6%
Gold/GoldenArkansas-Pine Bluff Golden Lions, California Golden Bears.....
83.7%
ScarletRutgers Scarlet Knights
79.2%
BlueCentral Connecticut State Blue Devils, Creighton Bluejays.....
77.5%
YellowGeorgia Tech Yellow Jackets
77.2%
RedArkansas State Red Wolves, Cornell Big Red.....
74.7%
GreenDartmouth Big Green, North Texas Mean Green.....
67%
BlackArmy Black Knights, Long Island University-Brooklyn Blackbirds
56.5%
PurpleEvansville Purple Aces, Niagara Purple Eagles, Furman Purple Paladins
18.8%

You're not logged in!

Compare scores with friends on all Sporcle quizzes.
Join for Free
OR
Log In

You Might Also Like...

Show Comments

Extras

Top Quizzes Today


Score Distribution

Your Account Isn't Verified!

In order to create a playlist on Sporcle, you need to verify the email address you used during registration. Go to your Sporcle Settings to finish the process.

Report this User

Report this user for behavior that violates our Community Guidelines.

Details: